| 000 | 00000nam##2200000za#4500 |
| 001 | 9.558334 |
| 003 | CaOODSP |
| 005 | 20230131161132 |
| 007 | cr ||||||||||| |
| 008 | 150406|2003||||xxc|||||o f|0| 0 eng|d |
| 020 | |a0-662-33526-0 |
| 040 | |aCaOODSP|beng |
| 043 | |an-cn--- |
| 086 | 1 |aM44-2003/C4E-IN |
| 110 | 2 |aGeological Survey of Canada. |
| 245 | 10|aIce-flow history and drift prospecting in the Committee Bay belt, central Nunavut : |h[electronic resource]|bresults from the Targeted Geoscience Initiative / |c[by] Isabelle McMartin, Edward C. Little, Travis Ferbey, Carl A. Ozyer, and Daniel J. Utting. |
| 260 | |aOttawa - Ontario : |bNatural Resources Canada. |cc2003. |
| 300 | |a13p.|bfig., maps, table |
| 490 | 1 |aCurrent research 2003|v2003-C4 |
| 546 | |a(Résumé en français.) |
| 590 | |a14-09-Supp|b2014-04-23 |
| 830 | #0|aCurrent research (Geological Survey of Canada)|v2003-C4|w(CaOODSP)9.506236 |
| 856 | 40|ahttp://publications.gc.ca|qPDF|s1.29 MB|uhttps://publications.gc.ca/collections/collection_2013/rncan-nrcan/M44-2003-C4-eng.pdf|y2003-C4 |